Регионална библиотека "Любен Каравелов" - Русе

Стопанска история (Запис номер 24032)

MARC детайли
000 -Лидер
Контролно поле с фиксирана дължина 01524nam a2200325 c 4500
003 - Код на организацията, давaща контролен номер
Контролно поле BLK
005 - Дата и час на последна редакция
Контролно поле 20241030152050.0
008 - Елементи от данни с фиксирана дължина
fixed length control field 180413b bul|||||r ||||||| ||bul||
010 ## - Наследен системен номер
LC control number KNG00026533000
040 ## - Източник на каталожния запис
Идентификатор на билиотеката - собственик на записа BLK
041 ## - Код за език
Код за езика на текст/звукозапис или на отделно заглавие Български
Код за езика КДБФ Български
080 ## - УДК
Текстов определител УДК Икономическо положение. Икономическа политика. Управление. Планиране. Производство. Услуги. Цени
УДК код - определител по УДК 338
УДК определител (091)(075.8)
УДК - код + определител 338(091)(075.8)
100 1# - Редна дума - Автор
Автор Беров, Любен Борисов
Авторска отговорност първи автор
R(LIN) 246745
139 ## - Редно поле
Редна дума Беров, Любен Борисов
Авторски знак Беро - Б 40
245 10 - Сведения за заглавието
Заглавие Стопанска история
Подзаглавни данни Икон. развитие на света от древността до наши дни : Учебник за студенти
Редно поле (дума) Любен Борисов Беров.
250 ## - Област на изданието
Сведения за изданието 3. изд.
257 ## - Страна на издаване
Страна на създаване/издаване България
260 ## - Област на издателските данни
-- София
Име на издателя, разпространителя и проч. Планета
Година на издаване 1999
Печатница София : Д. Благоев
300 ## - Физическа характеристика
Страници 699 с.
Илюстрации и др. с табл.
Размери/Мащаб 23 см
380 ## - Жанр
Жанр Обществени науки
500 ## - Общи забележки
Забележка 1. изд. 1944 изд. на Фонд. Отворено о-во. - 2 050 тир. - Препоръч. бибилиогр. с. 691-699.
650 #4 - Допълнително описание по предмет – тема
Основно описание – тема или топоним Стопанство - история - учебници за ВУЗ
9 (RLIN) 246746
653 ## - Ключова дума – ненормативна
Ключова дума стопанска история
852 ## - Местоположение
Форматна сигнатура Цб 201359
856 4# - Електронен адрес и достъп
Електронен формат pdf - файл
Път до файла /url/
856 4# - Електронен адрес и достъп
Електронен формат pdf - файл
Път до файла /url/
942 ## - АРТИКУЛИ
Вид на библиотечния материал Книги
Скрит в OPAC Не
Koha issues (borrowed), all copies 1
944 ## - СЪЗДАВАНЕ И РЕДАКЦИЯ на ЗАПИСА
Създаване/Редакция Създаване
Дата на регистрацията/редакция 15.01.2003
Служител, извършил регистрацията/редакцията 30531
Статус, дата на статуса Цветелина Шанова
944 ## - СЪЗДАВАНЕ И РЕДАКЦИЯ на ЗАПИСА
Създаване/Редакция Редакция
Дата на регистрацията/редакция 16.07.2012
Служител, извършил регистрацията/редакцията
999 ## - СИСТЕМНИ КОНТРОЛНИ НОМЕРА
Koha biblionumber 24032
Koha biblioitemnumber 24032
Наличности
Код за отписване Код за изгубен артикул Източник на класификационната схема Код за повреда Коз за рестрикции Код за отдаване Артикулен № Име на библиотеката - собственик Име на библиотеката, в която се намира в момента Статус (Текущо местоположение) Дата на вписване в системата Местоположение - отдел Цена в лева Инвентарен номер Систематично азбучна сигнатура Баркод Номер на екземпляра Цена в евро Служебна бележка Служебен тип на артикула
  Не е изгубен Universal Decimal Classification Не е повреден без рестрикции заемане за дома 39730 Регионална библиотека "Любен Каравелов" Русе Регионална библиотека "Любен Каравелов" Русе Заемна - подръчен фонд 1999-01-01 Заемна - подръчен фонд 0.03 649949 П 338/Б 40 120000649949 1 0.02 N: стар фонд Дата: 01.01.1999 Дата инв: 05.02.2018 Бележки инв: П2018 Книги
  Не е изгубен Universal Decimal Classification Не е повреден без рестрикции заемане за дома 39731 Регионална библиотека "Любен Каравелов" Русе Регионална библиотека "Любен Каравелов" Русе Заемна - подръчен фонд 1999-01-01 Заемна - подръчен фонд 0.03 650087 П 338/Б 40 120000650087 2 0.02 N: стар фонд Дата: 01.01.1999 Дата инв: 05.02.2018 Бележки инв: П2018 Книги
Vip Innovations Ltd, Rousse, Bulgaria 2025